Culture Générale - Série 1706 - Statistiques

Statistiques générales
  • Ce quiz a été pris 103 fois
  • Le résultat moyen est 6 sur 10
Statistiques - réponses
Question Réponse % Correct
Dans quelle ville de Grande-Bretagne le groupe des Beatles a-t-il été fondé ? Liverpool
93%
Quel est le prénom de l'ex-champion du monde de football français Lizarazu ? Bixente
83%
Dans quelle capitale européenne montez-vous dans un "black cab" ? Londres
80%
L'hymne de la Résistance intitulé "Chant de la libération" est mieux connu sous le titre de : "Chant des... partisans
79%
En 2010, quelle île française de l'océan Indien a été inscrite au patrimoine mondial de l'Unesco pour ses "pitons, cirques et remparts" ? Réunion
72%
Quel Président français a donné son nom à l'Hôpital européen du XVe arrondissement de Paris ? Georges Pompidou
64%
En 2010, quelle ville du Tarn a vu inscrire sa Cité épiscopale au patrimoine mondial de l'Unesco ? Albi
55%
De quel organe un chirurgien réalise-t-il l'ablation lors d'une hystérectomie ? utérus
46%
Quels héros de bande dessinée s'appellent "Tim" et "Struppi" en allemand ? Tintin et Milou
37%
Dans la série télévisée "Les Oiseaux se cachent pour mourir", quel comédien incarne le père Ralph de Bricassart ? Richard Chamberlain
27%
Aucun quiz correspondant
Distribution des résultats
% des personnes avec chaque résultat
Percentile par nombre de réponses
Votre historique - résultats
Vous n’avez pas pris ce quiz